مكتبة جامعة عجلون الوطنية

فهرس بحث المكتبة

اوراق الملك عبدالله بن الحسين المعارف في عهد الامير الملك عبدالله بن الحسين(1928-1951م)، المجلد الخامس والثلاثون / (Record no. 33361)

MARC details
000 -LEADER
fixed length control field 01188nam a22002297a 4500
003 - CONTROL NUMBER IDENTIFIER
control field JO-AjAnu
005 - DATE AND TIME OF LATEST TRANSACTION
control field 20240710112946.0
008 - FIXED-LENGTH DATA ELEMENTS--GENERAL INFORMATION
fixed length control field 240326b jo ||||| |||| 00| 0 ara d
040 ## - CATALOGING SOURCE
Original cataloging agency JO-AjAnu
Language of cataloging ara
Transcribing agency JO-AjAnu
041 #0 - LANGUAGE CODE
Language code of original ara
100 #1 - MAIN ENTRY--PERSONAL NAME
Personal name ابو الشعر، هند غسان توفيق
Relator term معد
9 (RLIN) 65152
245 10 - TITLE STATEMENT
Title اوراق الملك عبدالله بن الحسين المعارف في عهد الامير الملك عبدالله بن الحسين(1928-1951م)، المجلد الخامس والثلاثون /
Statement of responsibility, etc. اعداد هند غسان توفيق ابو الشعر ؛ اشراف محمد عدنان سلامة البخيت
250 ## - EDITION STATEMENT
Edition statement الطبعة الاولى
260 ## - PUBLICATION, DISTRIBUTION, ETC.
Place of publication, distribution, etc. عمان :
Name of publisher, distributor, etc. مؤتمر بلاد الشام،
Date of publication, distribution, etc. 2023
300 ## - PHYSICAL DESCRIPTION
Extent 461 صفحة
490 ## - SERIES STATEMENT
Series statement الوثائق الهاشمية
500 ## - GENERAL NOTE
General note يحتوي على كشافات وملاحق
504 ## - BIBLIOGRAPHY, ETC. NOTE
Bibliography, etc. note مجلد الخامس والثلاثون
650 70 - SUBJECT ADDED ENTRY--TOPICAL TERM
Topical term or geographic name entry element عهد الامير عبدالله 1921-1946 - التربية والتعليم - الوثائق - تاريخ الاردن
9 (RLIN) 65156
700 #1 - ADDED ENTRY--PERSONAL NAME
Personal name البخيت، محمد عدنان سلامة
Relator term مشرف
9 (RLIN) 65157
942 ## - ADDED ENTRY ELEMENTS (KOHA)
Source of classification or shelving scheme Library of Congress Classification
Koha item type Reference
Suppress in OPAC No
Holdings
Withdrawn status Lost status Source of classification or shelving scheme Materials specified (bound volume or other part) Damaged status Not for loan Home library Current library Date acquired Total Checkouts Full call number Barcode Date last seen Price effective from Koha item type
    Library of Congress Classification المجلد الخامس والثلاثون     مكتبة جامعة عجلون الوطنية مكتبة جامعة عجلون الوطنية 26/03/2024   DS154.55.M342 2023 a29760 26/03/2024 26/03/2024 Reference